| 000 | 00598nam a22001817a 4500 | ||
|---|---|---|---|
| 005 | 20130819150513.0 | ||
| 010 | _aENG-107843 | ||
| 020 |
_a9789380831732 _c199.00 |
||
| 035 | _aEN-91376 | ||
| 037 | _bDBAD/PUB | ||
| 082 | _a305.56 | ||
| 100 | _a Narasimha Raju, V.M.P. | ||
| 245 |
_aSociology of marginalized groups / _cby V.P.M. Narasimha Raju |
||
| 260 |
_aHyderabad _bStudentshelpline Publishing House _c2012 |
||
| 270 |
_a326/C, Surneni Nilayam, near B K Guda Park, S.R. Nagar, _bHyderabad _e500038 |
||
| 300 |
_avarious pagings _c22cm(pbk) |
||
| 942 |
_2ddc _cEN _mNAR _h305.56 |
||
| 999 |
_c77282 _d77282 |
||